| 000 | 01414cam a22003014a 4500 | ||
|---|---|---|---|
| 999 |
_c127365 _d127365 |
||
| 001 | 12139221 | ||
| 003 | ARRUPE | ||
| 005 | 20180111140500.0 | ||
| 008 | 000811s2000 mau b 000 0 eng | ||
| 010 | _a 00063709 | ||
| 020 | _a0819874078 | ||
| 040 |
_aDLC _cDLC _dDLC |
||
| 041 | 1 |
_aeng _hita |
|
| 042 | _apcc | ||
| 050 | 0 | 0 |
_aBX1795.H69 _bN44 2000 |
| 082 | 0 | 0 |
_a269/.692 _221 |
| 100 | 1 |
_aNguyễn, Phanxicô Xaviê Văn Thuận, _d1928-2002. _938416 |
|
| 245 | 1 | 0 |
_aTestimony of hope : _bthe spiritual exercises of Pope John Paul II / _cby Francis Xavier Nguyễn Văn Thuận ; translated by Julia Mary Darrenkamp, Anne Eileen Heffernan. |
| 260 |
_aBoston, MA : _bPauline Books & Media, _cc2000. |
||
| 300 |
_axxii, 222 p. ; _c21 cm. |
||
| 504 | _aIncludes bibliographical references. | ||
| 650 | 0 |
_aHope _xReligious aspects _xCatholic Church. _938417 |
|
| 650 | 0 |
_aSpiritual exercises. _938418 |
|
| 700 | 1 |
_aDarrenkamp, Julia Mary. _938419 |
|
| 700 | 1 |
_aHeffernan, Eileen. _938420 |
|
| 906 |
_a7 _bcbc _corignew _d1 _eocip _f20 _gy-gencatlg |
||
| 942 |
_2lcc _cMONOGRAPH |
||